00800nam a2200253Ia 4500003000900000008004100009020001800050040001600068080001600084100002300100245008100123250001200204260003200216300001400248490002800262650002100290650001900311650002300330650001900353650001900372942000700391999001700398952013100415IN-BaIIA211028s9999 xx 000 0 eng d a0-07-046617-3 cIIA Library a621.38bNAS aNash, W. A.927638 0aSchaum's outline of theory and problems of strength of materialscW. A. Nash a4th ed. aNew YorkbMcGraw-Hillc1998 avi, 474p. aSchaum's Outline Series aCentroids927639 aColumns927640 aCompression927641 aTension927642 aTorsion919411 cBK c15127d15127 00104070aBANbHOScGENd2003-06-19eANJ g570.00l0o621.38/ NASp16049r2021-11-05v570.00w2003-06-19yBKGRs. 570.00